Les saltimbanques : (Record no. 171548)

MARC details
000 -LEADER
campo de control de longitud fija 00652nam a22001815i 4500
001 - NÚMERO DE CONTROL
campo de control 171548
003 - IDENTIFICADOR DE NÚMERO DE CONTROL
campo de control ES-MaACL
005 - FECHA Y HORA DE LA ÚLTIMA TRANSACCIÓN
campo de control 20230906214647.0
008 - DATOS DE LONGITUD FIJA--INFORMACIÓN GENERAL
campo de control de longitud fija 090519q1900 fr |||| | fre d
080 ## - NÚMERO DE LA CLASIFICACIÓN DECIMAL UNIVERSAL
Número de la Clasificación Decimal Universal 782.1
100 1# - ENTRADA PRINCIPAL--NOMBRE DE PERSONA
Nombre de persona Ordonneau, Maurice.
9 (RLIN) 87185
245 14 - MENCIÓN DEL TÍTULO
Título Les saltimbanques :
Resto del título opéra comique en trois actes et quatre tableaux /
Mención de responsabilidad, etc. Maurice Ordonneau ; musique de Louis Ganne.
260 ## - PUBLICACIÓN, DISTRIBUCIÓN, ETC.
Lugar de publicación, distribución, etc. Paris :
Nombre del editor, distribuidor, etc. Librairie théâtrale,
Fecha de publicación, distribución, etc. [ca. 1900] (
Fabricante Imp. Billaudot)
300 ## - DESCRIPCIÓN FÍSICA
Extensión 87 p.) ;
Dimensiones 19 cm.
650 #4 - PUNTO DE ACCESO ADICIONAL DE MATERIA--TÉRMINO DE MATERIA
Término de materia o nombre geográfico como elemento de entrada Óperas-
Subdivisión de forma Libretos.
9 (RLIN) 137584
700 1# - ENTRADA AGREGADA--NOMBRE PERSONAL
Nombre de persona Ganne, Louis.
9 (RLIN) 138043
852 4# - LOCALIZACIÓN
Ubicación ES-MaACL
Número de control de estantería E-12653
Nota libre - Biblioteca Jacinto Martínez Lacalle
Holdings
Estatus retirado Estado de pérdida Estado de daño No para préstamo Colección Biblioteca de origen Biblioteca actual Ubicación en estantería Fecha de adquisición Fuente de adquisición Total de préstamos Signatura topográfica completa Código de barras Visto por última vez Precio de reemplazo Tipo de ítem Koha
        Libros del s. XIX Biblioteca del Ateneo de Madrid Biblioteca del Ateneo de Madrid Depósito 2 19/05/2009     E-12653 1180027 23/02/2023 23/02/2023 Libro impreso antiguo